000 00397nam a2200169Ia 4500
001 2938
003 IN-NITTTR
005 20251114232938.0
008 251113s9999||||xx |||||||||||||| ||eng||
040 _beng
040 _cIN-NITTTR
041 _aeng
082 _a621.31921 C272L
100 _aCassell, Wallace L.
245 0 _aLinear electric circuits /
_cCassell, Wallace L.
942 _2ddc
_cBK
999 _c4727
_d4727